Encyclopedia of Mycology/ edited by Oscar Zaragoza...[et al.] (Record no. 52339)

MARC details
000 -LEADER
fixed length control field 00454nam a22001577a 4500
003 - CONTROL NUMBER IDENTIFIER
control field OSt
008 - FIXED-LENGTH DATA ELEMENTS--GENERAL INFORMATION
fixed length control field 260626b |||||||| |||| 00| 0 eng d
020 ## - INTERNATIONAL STANDARD BOOK NUMBER
International Standard Book Number 9780323884969
082 ## - DEWEY DECIMAL CLASSIFICATION NUMBER
Item number Z36E
Classification number 579.503
245 ## - TITLE STATEMENT
Title Encyclopedia of Mycology/ edited by Oscar Zaragoza...[et al.]
260 ## - PUBLICATION, DISTRIBUTION, ETC. (IMPRINT)
Place of publication, distribution, etc Amsterdam :
Name of publisher, distributor, etc Oliver Walter,
Date of publication, distribution, etc 2021.
300 ## - PHYSICAL DESCRIPTION
Extent xxviii, 843 p.
650 ## - SUBJECT ADDED ENTRY--TOPICAL TERM
Topical term or geographic name as entry element Pure Sciences | Biology | Mycology
700 ## - ADDED ENTRY--PERSONAL NAME
Personal name Zaragoza, Oscar
942 ## - ADDED ENTRY ELEMENTS (KOHA)
Source of classification or shelving scheme
Koha item type Books
Holdings
Withdrawn status Lost status Source of classification or shelving scheme Damaged status Not for loan Collection code Home library Current library Shelving location Date acquired Source of acquisition Full call number Barcode Date last seen Bill Date Koha item type Bill Number
        Not For Loan Reference Dr. Rajendra Prasad Central Agricultural University Pusa, Dr. Rajendra Prasad Central Agricultural University Pusa, Reference 26/06/2026 Today & Tomorrow Printers and Publishers R 579.503 Z36E 87569 26/06/2026 29/01/2026 Books Bill No. IN-00449
        Not For Loan Reference Dr. Rajendra Prasad Central Agricultural University Pusa, Dr. Rajendra Prasad Central Agricultural University Pusa, Reference 26/06/2026 Today & Tomorrow Printers and Publishers R 579.503 Z36E 87570 26/06/2026 29/01/2026 Books Bill No. IN-00449
Hosted, Implemented, Customized & Maintained by: BestBookBuddies

Powered by Koha